The narcotic drugs and psychotropic substances act, 1985 (61 of 1985) as amended by NDPS (amendment) Act, 1988 (2 of 1989) and the provention of illicit traffic in narcotic drugs and psychotropic substances Act, 1988 [46 of 1988] along with central rules and notifications (Record no. 487948)

000 -LEADER
fixed length control field 00628cam a22001097a 4500
008 - FIXED-LENGTH DATA ELEMENTS--GENERAL INFORMATION
fixed length control field 180718b1989 xxu||||| |||| 00| 0 eng d
082 ## - DEWEY DECIMAL CLASSIFICATION NUMBER
Classification number B1803x54 In2/1985-1988
245 ## - TITLE STATEMENT
Title The narcotic drugs and psychotropic substances act, 1985 (61 of 1985) as amended by NDPS (amendment) Act, 1988 (2 of 1989) and the provention of illicit traffic in narcotic drugs and psychotropic substances Act, 1988 [46 of 1988] along with central rules and notifications
260 ## - PUBLICATION, DISTRIBUTION, ETC.
Place of publication, distribution, etc. New Delhi
Name of publisher, distributor, etc. Directorate of Publications, Customs and Central Excise
Date of publication, distribution, etc. 1989
300 ## - PHYSICAL DESCRIPTION
Extent 471+p.
700 ## - ADDED ENTRY--PERSONAL NAME
Personal name India. Directorate of Publications, Customs and Central Excise
Holdings
Withdrawn status Lost status Damaged status Not for loan Permanent Location Current Location Date acquired Full call number Barcode Date last seen Price effective from Koha item type
        Indian Institute of Public Administration Indian Institute of Public Administration 2018-08-04 B1803x54 In2/1985-1988 GG21492 2018-08-04 2018-08-04 GG

Powered by Koha